[Event "BCF-ch 89th"]
[Site "Torquay"]
[Date "2002.08.09"]
[Round "11"]
[White "Wohl, Aleksandar H"]
[Black "Barua, Dibyendu"]
[Result "0-1"]
[WhiteElo "2419"]
[BlackElo "2542"]
[Annotator "Finkel,A"]
[PlyCount "72"]
[EventDate "2002.07.29"]
[EventType "swiss"]
[EventRounds "11"]
[EventCountry "ENG"]
[SourceTitle "CBM 091"]
[Source "ChessBase"]
[SourceDate "2002.11.12"]
[SourceVersion "1"]
[SourceVersionDate "2002.11.12"]
[SourceQuality "1"]

1. e4 e6 2. d4 d5 3. Nc3 Nf6 4. Bg5 dxe4 5. Nxe4 Be7 6. Bxf6 gxf6 7. Nf3 a6 {
During the last couple of years this variation became quite popular,mainly
thanks to the efforts of Morozevich and Short.This variation leads to more
interesting and lively struggle than 7...b6.} 8. Bd3 (8. g3 $5) 8... f5 (8...
Nd7 9. Qe2 $5 b5 (9... f5 10. Ng3 Nf6 11. O-O-O Qd5 12. Kb1 f4 13. Ne4 Nxe4 14.
Bxe4 Qd6 15. Ne5 Bf6 16. Qh5 Bxe5 17. dxe5 $14 {Toth,A-Dobos,J/Szekszard op
1995}) 10. O-O-O Bb7 11. Rhe1 Bd5 12. Kb1 (12. Nc3 c6 13. Nxd5 cxd5 14. Nh4 f5
15. Nf3 $13) 12... c6 13. c4 $5 bxc4 14. Bxc4 a5 15. Rc1 Rb8 16. Rc2 Nb6 17.
Bd3 (17. Bxd5 cxd5 18. Nc5 Nc4 19. Ka1 a4 $15) 17... a4 $13 {Govedarica,
R-Zontakh,A/Belgrade 2000}) (8... b5 9. Qe2 Bb7 10. O-O-O Bd5 11. Kb1 c6 12.
Nc3 Nd7 13. Rhe1 Qa5 14. Nxd5 cxd5 $13 {Stjazhkina,O-Grabuzova,T/49th ch-RUS 
(women) 1999}) 9. Ng3 (9. Ned2 b5 10. Qe2 Bb7 11. a4 b4 12. O-O Nd7 13. Rfe1
Nf6 14. Nc4 Rg8 15. Na5 Bd5 16. c4 bxc3 17. bxc3 $16 {Feygin,M-Vaculik,M/
Dortmund 2000}) 9... c5 10. O-O (10. Qd2 cxd4 11. O-O-O Nc6 12. Nh5 Rg8 13. Kb1
Qd5 14. Nf4 Qc5 $15 {Berthelot,Y-David,V/Parthenay 2000}) (10. dxc5 Qa5+ 11. c3
Qxc5 12. Qd2 Nc6 13. O-O-O h5 14. h4 b5 $13 {Stefansson,H-Morozevich,A/
Reykjavik 1999}) (10. c3 cxd4 11. Nxd4 Nc6 12. Nxc6 bxc6 13. Qe2 Qc7 14. Bc4
Qf4 $13 {Petrukhin,D-Kim,A/Toljatti 2000}) 10... h5 $5 {Usually it's not
recommended to play with pawns as long as development of the pieces is far
from being completed, but black's last move seems to be pretty logical under
the circumstances.} (10... cxd4 11. Nxd4 O-O 12. c3 Nc6 13. Nxc6 bxc6 14. Re1
Kh8 15. Qe2 Bd6 16. Rad1 Qc7 17. Qh5 Rg8 18. Qh4 $14 {Tseshkovsky,V-Zhenetl,R/
Krasnodar 2000}) 11. c3 h4 12. Ne2 b6 13. Nf4 Bb7 14. Re1 $6 (14. Qe2 Qd6 15.
Qe3 Nd7 16. Rad1 O-O-O $132) 14... Qd6 15. Ne5 Nd7 16. Qe2 (16. Nxd7 Qxd7 17.
dxc5 bxc5 18. Qe2 Bd6 19. Nh3 Rg8 20. f3 Qc7 $132) 16... Nxe5 17. dxe5 Qc6 18.
f3 b5 19. c4 $6 {After this move black is the first one to get to white king.}
(19. b3 $5 {[%cal Ga2a4]} Qb6 20. Kh1 Bg5 21. Nh3 Bh6 22. a4 $14) 19... b4 20.
a3 $6 O-O-O 21. axb4 cxb4 22. c5 {[%csl Ra6]} Bxc5+ 23. Kh1 h3 $1 {[%csl Rh1]}
24. Bxa6 (24. Nxh3 $2 Rxh3 25. gxh3 Qxf3+ 26. Qxf3 Bxf3#) 24... hxg2+ 25. Nxg2
Rh3 $36 {[%csl Rf3,Rh2][%cal Gd8h8]} 26. Bxb7+ (26. Rec1 Rdh8 27. Bxb7+ Kxb7
28. Ne1 Rxh2+ 29. Qxh2 Rxh2+ 30. Kxh2 Qd5 $19) 26... Kxb7 27. Red1 Rdh8 28. Ne1
Rxh2+ $1 29. Qxh2 Rxh2+ 30. Kxh2 Qe8 {[%csl Rh2]} 31. Nd3 Qh8+ 32. Kg2 Qg7+ 33.
Kh1 (33. Kf1 Qg1+ 34. Ke2 Qe3+ 35. Kf1 Qxf3+ $19) 33... Qh6+ 34. Kg2 Qg5+ 35.
Kh1 Bb6 36. Rac1 (36. Kh2 f4 $19 {[%csl Gg3]}) 36... Qg3 $1 0-1

[Event "Merida"]
[Site "Merida"]
[Date "2000.06.17"]
[Round "4"]
[White "Hernandez Guerrero, Gilberto Eduardo"]
[Black "Shirov, Alexei"]
[Result "1/2-1/2"]
[WhiteElo "2560"]
[BlackElo "2751"]
[Annotator "Finkel,A"]
[PlyCount "60"]
[EventDate "2000.06.13"]
[EventType "tourn"]
[EventRounds "6"]
[EventCountry "MEX"]
[EventCategory "17"]
[SourceTitle "CBM 078"]
[Source "ChessBase"]
[SourceDate "2000.10.18"]
[SourceVersion "1"]
[SourceVersionDate "2000.10.18"]
[SourceQuality "1"]

1. e4 e6 2. d4 d5 3. Nc3 Nf6 4. Bg5 dxe4 5. Nxe4 Be7 6. Bxf6 Bxf6 7. Nf3 O-O 8.
Bc4 Nc6 (8... Nd7 9. Qe2 (9. O-O c5 10. c3 cxd4 11. Nxf6+ Nxf6 12. Nxd4 Qc7 13.
Bb3 Bd7 {1/2-1/2 Short,N-Kortschnoj,V/EUCup f 1988}) 9... Be7 $5 $146 (9... Nb6
10. Bb3 Bd7 11. O-O Bc6 12. Nxf6+ gxf6 $6 13. Rad1 Kh8 14. c4 $14 {
Spassky-Czerniak/Goteborg/1971}) (9... c6 10. O-O b6 11. Rad1 Qc7 12. Nxf6+
Nxf6 13. Qe5 Qe7 14. c3 Bb7 15. Rfe1 $14 {Fischer-Pachman/Leipzig ol/1960}) 10.
O-O (10. O-O-O $13) 10... c5 $1 11. d5 $6 (11. Rfd1 $13) 11... exd5 12. Bxd5
Nb6 $15 {Smirin,I-Lputian,S/Wijk op 1993}) 9. c3 (9. Nxf6+ Qxf6 10. O-O e5 11.
Nxe5 Nxe5 12. dxe5 Qxe5 13. c3 {1/2-1/2 Balashov,Y-Dreev,A/RUS-ch 1995}) 9...
e5 10. d5 Nb8 (10... Na5 $5 11. Bd3 b6 12. h4 g6 13. h5 Bg4 14. Qa4 Bg7 $132 {
Baklan,V-Goloshchapov,A/Ordzhonikidze zt 1.9 2000}) 11. Qe2 (11. d6 $5 Bf5 12.
Qd5 Nd7 13. Qxb7 Bxe4 14. Qxe4 Nc5 15. Qd5 cxd6 16. O-O $14 {Groszpeter,
A-Dizdar,G/AUT-chT qual 1997}) 11... Bf5 12. O-O $5 {Hernandez deviates from
famous game Leko-Halifman,probably suspecting that Shirov will come up with
something!This catious move fully proved in the game,because Shirov trying to
complicate the positon has overcome the limit of risk and found himself in
very unpleasent position.} (12. O-O-O Nd7 13. Ng3 Bg6 14. Bd3 $1 (14. h4 e4 15.
Nxe4 Re8 16. Nxf6+ Qxf6 17. Qd2 Nb6 $44 {Bologan,V-Gurevich,M/Festival comtois
4th 1999}) 14... Bxd3 (14... Nc5 15. Bxg6 hxg6 16. h4 Re8 17. Ne4 Nxe4 18. Qxe4
Qd7 19. g4 $16) 15. Qxd3 Nc5 16. Qe3 b6 17. h4 Re8 {[%cal Ge5e4]} 18. Ne4 $1
Nxe4 19. Qxe4 $14 {[%cal Gg2g5,Gh4h5] Leko,P-Khalifman,A/Khalifman-Leko Match
2000}) 12... Nd7 13. Rad1 {[%cal Gd5d6]} Bxe4 (13... Be7 $6 14. d6 cxd6 15.
Nxd6 Bxd6 16. Rxd6 Qe7 17. Rfd1 $14 {[%csl Re5]}) 14. Qxe4 Nc5 15. Qe3 Qd6 16.
Rfe1 a5 $6 ({Also after} 16... Rfe8 17. b4 (17. Bb5 Nd7 18. c4 Re7 19. Nd2 $14
{[%cal Gd2e4]}) 17... Nd7 18. Nd2 Be7 19. Ne4 Qb6 20. Qg3 $14 {black doesn't
manage to reach an equality,but after the move in the game he finds himelf in
very serious troubles.}) 17. a3 $6 (17. Nxe5 Rfe8 (17... Na4 $6 18. Bb5 Nxb2
19. Rb1 c6 20. dxc6 Rae8 21. f4 bxc6 22. Rxb2 cxb5 23. Rxb5 $16) 18. f4 Re7 19.
Qf2 $16) 17... a4 $6 (17... e4 $5 18. Nd4 (18. Ng5 Rfe8 19. b4 axb4 20. axb4
Bxg5 21. Qxg5 Na4 $11) 18... a4 19. Nb5 Qb6 20. d6 c6 21. Nc7 Rad8 22. Rd2 $14)
18. Nxe5 Rfe8 19. f4 Re7 20. Qf2 h5 21. g3 g6 22. Bf1 {White is just a pawn up
and what exactly black has got in return I don't exactly understand.} (22. Bb5
$5 Qb6 (22... b6 $2 23. Bc6 Rb8 24. Nc4 $18) 23. Bf1 Rae8 24. Nc4 Qa7 25. Rxe7
Rxe7 26. Kh1 $16) 22... b6 23. Nc4 Rxe1 24. Rxe1 Qd7 25. d6 (25. Ne5 Qf5 26.
Qf3 Re8 27. Bd3 $1 Nxd3 28. Nxd3 (28. Qxd3 $4 Rxe5 $1 $19) 28... Rxe1+ 29. Nxe1
$16) 25... Rd8 26. Qf3 $5 (26. dxc7 Qxc7 27. Ne5 Nb3 $14) (26. f5 $5 $16) 26...
b5 27. dxc7 Qxc7 28. Ne3 Nb3 29. Bg2 $1 (29. Bxb5 Qb8 $1 30. Bxa4 Nd2 31. Qg2
Qxb2 32. Nd5 Bxc3 $44) 29... Qc5 30. Kh1 Re8 $16 1/2-1/2

[Event "EU-Cup 15th final"]
[Site "Bugojno"]
[Date "1999.10.29"]
[Round "1"]
[White "Sutovsky, Emil"]
[Black "Stefansson, Hannes"]
[Result "1/2-1/2"]
[WhiteElo "2587"]
[BlackElo "2675"]
[Annotator "Finkel,A"]
[PlyCount "48"]
[EventDate "1999.10.29"]
[EventType "team-k.o."]
[EventRounds "3"]
[EventCountry "BIH"]
[SourceTitle "EXT 2020"]
[Source "ChessBase"]
[SourceDate "2019.10.17"]
[SourceVersion "1"]
[SourceVersionDate "2019.10.17"]
[SourceQuality "1"]
[WhiteTeam "Petah-Tikva Elitzur"]
[BlackTeam "Zemun Agrouniverzal"]
[WhiteTeamCountry "ISR"]
[BlackTeamCountry "SRB"]

1. e4 e6 2. d4 d5 3. Nc3 Nf6 4. Bg5 dxe4 5. Nxe4 Be7 6. Bxf6 gxf6 7. Nf3 Nd7 8.
g3 {!?} (8. Bc4 c5 9. O-O O-O 10. Re1 Nb6 11. Bf1 cxd4 12. Nxd4 Kh8 13. c3 e5
14. Qh5 Nd5 15. Rad1 exd4 16. Rxd4 f5 {-/+ Shirov,A-Short,N/FIDE WCh KO 1999})
(8. Qd2 Nf8 (8... c5 9. O-O-O f5 10. Ng3 Nf6 11. Ne5 a6 12. Qh6 Qc7 13. Bc4 {
Sievers,S-Ellers,H/BL9596}) (8... b6 9. Bb5 Bb7 10. Qf4 c6 11. Bd3 Qb8 12. Qh6
{~ Royset,J-Djurhuus,R/NOR-chT 1997}) 9. O-O-O c6 10. Bc4 h5 11. h4 Qc7 12.
Rhe1 Bd7 13. Nc5 {1/2-1/2 Benjamin,J-Seirawan,Y/USA-ch m 1991}) (8. d5 Nb6 9.
Bb5+ Kf8 10. Qd2 Kg7 11. d6 $2 cxd6 12. O-O-O a6 13. Be2 d5 {-/+ Zavoronkov,
V-Zifroni,D/EU-chJM U20 1996}) 8... c5 9. Bg2 ({Deserved attention} 9. d5 $5 f5
(9... Qb6) 10. Nc3 Bf6 11. Qd2 O-O 12. O-O-O (12. Bg2 exd5 $1) 12... Qa5 13.
Kb1 {~ with very compicated position.}) 9... Qb6 10. O-O cxd4 ({More ambitious
and much mory risky was} 10... Qxb2 $5) 11. Nxd4 $6 ({It's hard to expect from
such an agressive player as Sutovsky to exchang queens on such an early stage
of the game,but it was correct decision} 11. Qxd4 $5 Qxd4 (11... O-O 12. Rad1
f5 13. Nd6 {+=}) 12. Nxd4 a6 13. Rad1 f5 14. Nd2 O-O 15. Nc4 {+= and white
keeps better chanses in the endgame.}) 11... O-O 12. Nc3 Ne5 13. Nb3 Bd7 14.
Qh5 (14. Qe2 Rad8 (14... Bb4 $6 15. Ne4)) 14... f5 $132 {It's quiet clear that
black doesn't face any opening problems.} 15. Rad1 Rad8 16. Ne4 $5 f6 $1 17.
Nc3 (17. Ned2 $6 Bb5 18. Rfe1 Ng4 19. Ne4 Bc6) 17... a5 $1 18. Rd4 Bb4 $5 19.
Rfd1 (19. Rh4 $6 Rf7 20. Rd1 (20. Nd5 $2 exd5 21. Bxd5 Be6 {-+}) (20. Nd4 $2
Ng6 21. Nd5 Qd6 (21... exd5 $2 22. Bxd5 Nxh4 23. Qxf7+ Kh8 24. Ne6) 22. Nxf6+
Rxf6 23. Qxh7+ Kf8 24. Qh6+ Ke8 {-+}) 20... Ng4 21. Rd4 Bxc3 22. bxc3 a4 23.
Nd2 Be8 {=+}) 19... Bxc3 20. bxc3 Qc7 21. Qh6 $6 (21. f4 $5 Nc6 (21... Nc4 22.
Qe2 b5 23. Rxd7 Rxd7 24. Qxe6+ Rdf7 25. Nd4 {~=}) 22. R4d3 a4 23. Nc5 $5 {~})
21... a4 22. Nc1 Bc6 23. Bxc6 bxc6 (23... Nxc6 $5) 24. Qe3 c5 {=} 1/2-1/2

[Event "Miskolc"]
[Site "Miskolc"]
[Date "2004.03.15"]
[Round "5"]
[White "Nevednichy, Vladislav"]
[Black "Erdos, Viktor"]
[Result "1/2-1/2"]
[WhiteElo "2548"]
[BlackElo "2468"]
[Annotator "Finkel,A"]
[PlyCount "70"]
[EventDate "2004.03.10"]
[EventType "tourn"]
[EventRounds "9"]
[EventCountry "HUN"]
[EventCategory "12"]
[SourceTitle "CBM 100"]
[Source "ChessBase"]
[SourceDate "2004.06.01"]
[SourceVersion "1"]
[SourceVersionDate "2004.06.01"]
[SourceQuality "1"]

1. e4 e6 2. d4 d5 3. Nc3 Nf6 4. Bg5 dxe4 5. Nxe4 Be7 6. Bxf6 gxf6 7. Nf3 a6 8.
g3 Nc6 $5 9. c3 {A new attempt to fight for an advantage in this line. In my
opinion this move isn't any better than 9.Bg2.} (9. Bg2 e5 10. d5 Nb4 11. Nc3 (
11. c4 f5 12. Nc3 e4 13. Ne5 a5 14. a3 Na6 $13 {Karup,E-Atalik,S/Neum 2001})
11... c6 12. dxc6 Qxd1+ 13. Rxd1 bxc6 14. a3 (14. O-O Rb8) 14... Nd5 15. Nxd5
cxd5 16. Rxd5 (16. c4 Rb8 17. cxd5 Rxb2 18. d6 Bd8 19. O-O Rb3 $13) 16... O-O
$44 {Milos,G-Morozevich,A/Istanbul 2000}) (9. Nc3 h5 10. Bg2 h4 11. O-O hxg3
12. hxg3 e5 13. dxe5 Qxd1 14. Raxd1 fxe5 15. Nd5 Bd6 16. Ng5 Kf8 17. Nb6 cxb6
18. Rxd6 Ke7 19. Rd2 {1/2-1/2 Leko,P-Morozevich,A/Dortmund 2001/CBM 85 (19)})
9... b6 $6 {Wrong reaction. The idea behind 8...Nc6 is to push e5, so black
should've done it right away.} (9... e5 $5 10. Bg2 (10. d5 Na7 11. Qb3 f5 12.
Ned2 e4 13. Nd4 c5 14. dxc6 Nxc6 15. Nxc6 bxc6 $132) 10... f5 $5 (10... Be6)
11. Ned2 exd4 (11... e4 $2 12. Ng1 Be6 13. Ne2 Bg5 14. f3 $16) 12. cxd4 O-O 13.
O-O Nxd4 $15) 10. Bg2 Bb7 11. O-O Qd7 12. Qe2 O-O-O 13. Rad1 (13. b4 e5 14.
Rfd1 exd4 15. Nxd4 Nxd4 16. Rxd4 Qe6 {[%cal Gf6f5]} 17. Rxd8+ Rxd8 18. Re1 f5
$11) 13... f5 14. Ned2 h5 15. Nc4 Bf6 16. h4 $6 {White doesn't lose his
advantage with this move, but he could start actions on the queenside right
away:} (16. a4 h4 17. b4 f4 18. b5 axb5 19. axb5 Ne7 20. Nfe5 Qe8 21. Bxb7+
Kxb7 22. Qf3+ $16) 16... Qe7 17. Nce5 $6 (17. a4 f4 18. b4 Rhg8 19. Kh2 Rg7 20.
b5 Nb8 21. Ne1 Bxg2 (21... Bxh4 22. Bxb7+ Kxb7 23. Qf3+ Rd5 24. gxh4 $18) 22.
Nxg2 fxg3+ 23. fxg3 Rdg8 24. Rd3 $16) 17... Bxe5 18. dxe5 Qc5 19. Kh2 (19.
Rxd8+ Rxd8 20. Rd1 Rxd1+ 21. Qxd1 Qc4 22. a3 Qg4 23. Qd3 Kb8 $11) 19... a5 20.
Rfe1 Rxd1 21. Rxd1 Rg8 22. Re1 $2 {The final mistake after which black manages
to equalize.} (22. Nd4 $1 Nd8 (22... Qxe5 23. Bxc6 Qxe2 24. Bxb7+ Kxb7 25. Nxe2
$18) (22... Nxe5 23. b4 axb4 24. cxb4 Qd6 25. Nc6 Ng4+ 26. Kg1 Qf8 27. Qf3 $18)
23. Bxb7+ Kxb7 24. Nb5 {[%cal Gd1d7]} Qe7 25. Qxh5 $16) 22... f4 23. Kh3 fxg3
24. fxg3 Ne7 25. Ng5 Nf5 26. Bxb7+ Kxb7 27. Rf1 Kb8 $1 28. Rf3 Qd5 29. b3 Qc5
30. Kh2 Rd8 31. Nxf7 Rd5 32. Rxf5 exf5 33. e6 Qe7 34. Kh3 Ka7 35. a4 f4 (35...
f4 36. gxf4 Rf5 37. Qe4 Rxf7 38. exf7 Qxe4 39. f8=Q $11) 1/2-1/2

[Event "Reykjavik Arason m"]
[Site "Reykjavik"]
[Date "2002.01.13"]
[Round "6"]
[White "Stefansson, Hannes"]
[Black "Short, Nigel D"]
[Result "0-1"]
[WhiteElo "2604"]
[BlackElo "2663"]
[Annotator "Finkel,A"]
[PlyCount "88"]
[EventDate "2002.01.08"]
[EventType "match"]
[EventRounds "6"]
[EventCountry "ISL"]
[SourceTitle "CBM 087"]
[Source "ChessBase"]
[SourceDate "2002.03.21"]
[SourceVersion "1"]
[SourceVersionDate "2002.03.21"]
[SourceQuality "1"]

1. e4 e6 2. d4 d5 3. Nc3 Nf6 4. Bg5 dxe4 5. Nxe4 Be7 6. Nxf6+ {This is 6th
game of the match in which Stefansson lost 3 last consecutive games and it's
quiet understandabe that he opts for variation in which white's chanses to
lose the game are minimal. Nevertheless his play in this game is so poor that
he manages to lose this position without putting up serious fight.} Bxf6 7.
Bxf6 Qxf6 8. Nf3 O-O 9. c3 Nd7 (9... b6 10. g3 (10. Bd3 Bb7 11. O-O Nd7 12. Qe2
g6 13. Ne5 Rad8 14. Ng4 Qf4 15. Rad1 h5 $13 {Patsuk,L-Lastin,A/Tula 1999/EXT
2000}) 10... Nd7 11. Bg2 e5 12. Nxe5 Nxe5 13. dxe5 Qxe5+ 14. Qe2 Qxe2+ 15. Kxe2
$11 {Szamoskozi,G-Jakab,A/Paks 1995}) 10. Be2 {Playing for draw is not that
simple as it sounds and you still have to make good moves!} (10. Bd3 e5 11. O-O
exd4 12. cxd4 (12. Nxd4 Ne5 13. Be4 Rd8 (13... c6 14. Re1 g6 15. Qb3 Qd6 16.
Rad1 Qc7 17. h3 Nd7 18. Qa3 Nf6 19. Bf3 $14 {Oll,L-Barsov,A/Budapest 1989/TD})
14. Qc2 g6 15. Rfd1 {1/2-1/2 Oll,L-Kindermann,S/Debrecen 1990}) 12... c6 13.
Qe2 Nb6 14. Qe4 g6 15. Qe5 Qxe5 {1/2-1/2 Portisch,G-Bokor,I/HUN-chT 1993})
10... b6 (10... e5 11. dxe5 (11. O-O c6 12. a4 exd4 13. cxd4 a5 14. Qb3 Qd8 15.
Ne5 Nb6 16. Nc4 Nd5 17. Qg3 Be6 18. Rad1 Qc7 $11 {Browne,W-Benko,P/Wijk aan
Zee 1972/MCD}) 11... Nxe5 12. Nxe5 Qxe5 13. O-O Be6 14. Bf3 Qb5 (14... Rfd8 15.
Qc2 c6 16. Rfe1 Qc7 17. Rad1 Rxd1 18. Rxd1 Rd8 19. b3 $11 {Kiltti,J-Birjukov,S/
Jyvaskyla We JyS 1997}) (14... c6 15. Qa4 Rfe8 16. Rad1 Qc5 17. Rfe1 Qc4 18.
Qxc4 Bxc4 19. Rxe8+ Rxe8 20. h4 Kf8 21. b3 Be2 22. Bxe2 Rxe2 23. Rd7 Re7 24.
Rd8+ Re8 25. Rd7 Re7 26. Rd8+ Re8 {1/2-1/2 Capablanca,J-Alekhine,A/New York
1927/HCL (26)}) 15. Qc2 a5 16. c4 Bxc4 17. Rfc1 Rfe8 $11 {Frolov,D-Volkov,S/
Smolensk 2000/CBM 77}) (10... Rd8 {Finkel,A} 11. Qd2 b6 12. Qg5 Bb7 13. O-O c5
14. Rfd1 Rac8 $13 {Sermier,G-Foisor,O/Biel op MTO 1997}) 11. Qa4 a6 12. O-O Qe7
13. Nd2 Bb7 14. Bf3 {Exchanging another pair of pieces.} Bxf3 15. Nxf3 c5 16.
Rad1 b5 17. Qa5 ({If white decided to make a draw for this purpose more
suitable was} 17. Qc2 {followed by d:c5 and doubling rooks over the d-file.})
17... Rfc8 18. Rfe1 cxd4 19. Rxd4 Nc5 20. Ne5 $6 (20. Red1 Na4 21. R1d2 h6 22.
h3 $14) 20... f6 21. Nd3 Na4 22. Nf4 $6 e5 23. Rd2 Qf7 24. Nd5 Nxb2 $1 $15 {
[%csl Rc3]} 25. Nxf6+ $8 (25. Nb6 Nc4 $17) 25... gxf6 26. Rxb2 Qc7 {Forcing an
exchange of queens. Arising endgame is slightly better for black due to the
weakness of white c-pawn, but white shouldn't face too many difficulties to
make a draw, however Stefansson after 3 losses in a row is not capable to put
up any resistanse!} 27. Qxc7 Rxc7 28. Rb3 Kf7 29. Kf1 Rc4 30. Ra3 Ke6 31. Rd1
h5 32. g3 h4 33. Ke2 f5 34. Rd3 f4 35. gxh4 $2 {This move is not so easy to
explain!} (35. gxf4 Rxf4 36. Re3 Kf5 37. h3 $11) 35... e4 36. Rd1 a5 37. Rb3 b4
38. cxb4 axb4 39. Rd2 f3+ 40. Kd1 (40. Ke3 Ke5 41. Rdb2 Rc1 $1 42. Rxb4 Re1+
43. Kd2 Re2+ 44. Kc3 Rxa2 $19 {[%csl Rf2]}) 40... Rg8 $1 $19 {[%csl Rd1]} 41.
Re3 Ke5 42. h5 Rgc8 43. Ke1 Rc1+ 44. Rd1 R8c3 $1 {Forcing winning pawns
endgame:} (44... R8c3 45. Rxc3 Rxd1+ 46. Kxd1 bxc3 {[%cal Ge4e3]} 47. h6 Kf6
48. h7 Kg7 49. h8=Q+ Kxh8 50. a4 e3 $19) 0-1

[Event "Reykjavik Arason m"]
[Site "Reykjavik"]
[Date "2002.01.11"]
[Round "4"]
[White "Stefansson, Hannes"]
[Black "Short, Nigel D"]
[Result "0-1"]
[WhiteElo "2604"]
[BlackElo "2663"]
[Annotator "Finkel,A"]
[PlyCount "72"]
[EventDate "2002.01.08"]
[EventType "match"]
[EventRounds "6"]
[EventCountry "ISL"]
[SourceTitle "CBM 087"]
[Source "ChessBase"]
[SourceDate "2002.03.21"]
[SourceVersion "1"]
[SourceVersionDate "2002.03.21"]
[SourceQuality "1"]

1. e4 e6 2. d4 d5 3. Nc3 Nf6 4. Bg5 dxe4 5. Nxe4 Be7 6. Bxf6 gxf6 7. Nf3 a6 {
This variation has become fashionable thanks to efforts of Morozevich. Nigel
Short also uses it from time to time and not without success!} (7... Nd7 8. Qd2
$6 (8. Bc4 c5 9. d5 Nb6 10. Bb5+ Bd7 11. Bxd7+ (11. Qe2 Bxb5 12. Qxb5+ Qd7 13.
Qxd7+ Kxd7 14. dxe6+ fxe6 $11 {Tseshkovsky,V-Bronstein,D/Moscow-4teams 1981 
(40)}) 11... Qxd7 12. dxe6 Qxd1+ 13. Rxd1 fxe6 14. O-O Kf7 15. b3 c4 $11 {
Wockenfuss,K-Bednarski,J/Hamburg op 1981}) (8. Bd3 c5 $5 9. O-O O-O 10. Qd2 f5
11. Nxc5 Nxc5 12. dxc5 Bf6 13. c3 Bd7 $44 {Rogers,I-Short,N/Novi Sad olm 1990 
(18)}) 8... f5 9. Ng3 h5 $5 10. h4 Bd6 11. Rh3 c6 12. Ng5 Nf6 13. Bc4 Nd5 $15 {
Euwe,M-Balla,Z/Bad Pistyan 1922/1/2-1/2 (50)}) (7... c6 $6 8. Qd2 f5 9. Ng3 b6
10. Bc4 Nd7 11. O-O-O Bb7 12. Rhe1 Nf6 13. Kb1 Qc7 14. Ne5 $16 {Kozma,J-Fichtl,
J/CSR-ch Prague 1953 (37)}) (7... Qd5 $6 8. Bd3 Nd7 9. O-O Nf8 10. c4 Qh5 11.
Qd2 Rg8 12. Ng3 Qg4 13. Rfe1 Bd7 14. Be4 $36 {Aronson,L-Khanov,K/URS-ch sf
1957/1-0 (49)}) 8. Qe2 $5 {White intends to develop a bishop to g2 and to
retreat with the knight to d2 in case of f5. As shows following game this
set-up is not so dangerous for black who easily gets strong counterplay on the
queensdie.} (8. Qd2 b5 9. a4 (9. Qh6 Bb7 10. Qg7 (10. Bd3 Nd7 11. Ng3 f5 12.
Nh5 Bf8 13. Qe3 Nf6 $15 {Sutovsky,E-Morozevich,A/Pamplona 1998/CBM 69}) 10...
Rf8 11. Qxh7 f5 12. Ned2 Nc6 13. c3 Bf6 14. Qh6 Rh8 15. Qe3 $16 {Tupy,M-Sykora,
R/CZE 1999/EXT 2000}) 9... Bb7 10. Bd3 b4 11. Qe2 Nd7 12. a5 f5 13. Ng3 O-O 14.
O-O Kh8 15. Rfe1 $14 {Gonzalez Fuente,C-Barrio Garcia,S/Santa Clara 2000/EXT
2001}) (8. Bd3 Nd7 (8... f5 9. Nc5 b6 10. Nb3 Bb7 11. Qe2 Qd6 12. O-O-O Nd7 13.
Rhe1 $14 {Hracek,Z-Morozevich,A/Germany 1999/GER-chT}) 9. Qe2 f5 (9... c5 10.
dxc5 Qa5+ 11. Qd2 Qxd2+ 12. Nfxd2 Nxc5 13. Nxc5 Bxc5 $11 {Cohn,E-Swiderski,R/
Wien 1908 (62)}) 10. Ng3 Nf6 11. O-O-O Qd5 12. Kb1 f4 13. Ne4 Nxe4 14. Bxe4 Qd6
15. Ne5 $14 {Toth,A-Dobos,J/Szekszard 1995/EXT 99}) (8. g3 b5 9. Bg2 Bb7 10.
Qe2 Nd7 11. O-O-O Bd5 12. Nc3 c6 13. Kb1 Nb6 14. Nxd5 cxd5 15. Nd2 $14 {
Berg,K-Nielsen,P/DEN 2000/EXT 2001}) 8... f5 9. Ned2 c5 10. dxc5 Qa5 11. c3 {
There was no urgent need in this move, so white could first play} (11. g3 $5
Qxc5 12. Bg2 {and only then to play c3 if it's called for.}) 11... Qxc5 12. g3
O-O 13. Bg2 Bf6 14. O-O Bd7 15. Rfe1 (15. Nb3 $5 Bb5 16. Qd2 Qb6 17. Rfd1 Nc6
$132) 15... Bb5 16. Nb3 Qb6 17. Qd2 Nc6 18. Qh6 Bg7 19. Qh4 Rad8 {All of a
sudden it's not so easy for white to find a plan, while black has very clear
prospects of plaing on the queenside.} 20. Rad1 Rxd1 21. Rxd1 a5 $1 {Black is
not satisfied with a draw which would most likely happen after} (21... Rd8 22.
Rxd8+ Qxd8 23. Qxd8+ Nxd8 24. Nfd4 Bd7 25. f4 Kf8 $11) 22. Rd2 h6 23. Nc1 a4
24. a3 $6 {Too passive.} (24. Ne2 $5 Bxe2 25. Rxe2 a3 26. bxa3 Qb1+ 27. Bf1 Qc1
$13) 24... Na5 25. Bf1 Bxf1 26. Kxf1 Qc6 $15 27. Kg2 Nc4 28. Re2 Qd5 {White
pieces lack coordination and black takes advantage of this fact getting
decisive advantage within a couple of moves.} 29. Qf4 b5 30. g4 $2 {Opening
file for black rook.} fxg4 31. Qxg4 f5 32. Qg3 Kh8 $1 $19 {[%cal Gf8g8]} 33.
Kh3 f4 34. Qg2 (34. Qg4 h5 35. Qg2 Qf5+ 36. Kh4 Bf6+ $19) 34... Qh5+ 35. Nh4 f3
36. Qg6 fxe2 $1 0-1